1834 1562 1941 1518 1536 1941 1281 1332 1759 1280 1521 1854 1377 1495 1055 1679 1374 1606 1628 1280 1972 1706 1504 1465 1959 1728 1132 1807 1727 1569 1046 1672 1488 1735 1401 1280 1236 1625 1024 1002 1836 1462 1312 1476 1571 1822 1292 1038 1771 1896 1789 1544 1161 1765 1259 1168 1499 1061 1900 1850 1583 1089 1164 1656 1902 1107 1728 1715 1822 1075 1248 1174 1874 1558 1774 1244 1078 1233 1461 1179 1441 1052 1939 1058 1247 1840 1377 1242 1250 1024 1207 1382 1603 1529 1504 1426 1995 1114 1245 BCNSPRNW ULIB Ver.6.0+V

เปลี่ยนเป็นภาษาไทย

Change to English
 แสดงรายละเอียดบรรณานุกรม
  กลับหน้าหลัก

Brief Record : Get Marc (ISO 2709) : E-mail record : QR code < ปิดหน้าต่าง
LEADER : 00000nam 2200000uu 4500
001    13399111036
003     ULIB
008    110615s||||||||th 000 0 tha d
020    9749058518
050  4 BF323.C5^bว321ท 2545
100 1  ฮาร์เรล,คีธ
245 10 ทัศนคติ :^bเจตคติ เต็ม 100 = Attitude is everything /^cโดย Keith Harrel ; แปลและเรียบเรียงโดย วราภรณ์ สืบสหการ
246 31 Attitude is everything
250    พิมพ์ครั้งที่ 1
260    กรุงทพฯ :^bเอ็กซเปอร์เน็ท,^c2545
300    281 หน้า ;^c21 ซม.
650  7 ทัศนคติ
700 0  วราภรณ์ สืบสหการ,^eผู้แปล
700 1  Herrel, Keith
945    ^p230^l0^i015541
945    ^p230^l0^i015540
945    ^p230^l0^i015539
995    ทศพร
999 ^a ใช้งานได้ทุกระบบ
รายการนี้ยังไม่มีแท็ก
คุณยังไม่ได้ล็อกอิน คุณสามารถมีกิจกรรมร่วมกับเว็บไซต์ได้ แต่ต้องล็อกอินก่อน ::
  ล็อกอิน

รายการสื่อสารสนเทศ

ลำดับที่ ประเภท เลขเรียก/บาร์โค้ด สถานที่ สถานะ
- ไม่พบข้อมูล -

รายการใกล้เคียง
    หัวเรื่อง [ทัศนคติ]

BibComment


ยังไม่เคยถูกคอมเมนท์

คอมเมนท์ทรัพยากรรายการนี้
  คอมเมนท์: ทัศนคติ เจตคติ เ..


 Copyright 2026. Bcnsprnw @Library